[Event "World Senior Teams +50"]
[Site "Radebeul GER"]
[Date "2016.06.30"]
[Round "5.19"]
[Board "4"]
[White "Jarnstrom, Henrik"]
[Black "Ponater, Michael"]
[Result "0-1"]
[WhiteElo "1808"]
[BlackElo "2159"]
[WhiteTeam "Finland"]
[BlackTeam "SF Monheim Revival"]
[WhiteFideId "510572"]
[BlackFideId "4623983"]
[EventDate "2016.06.26"]

1. e4 c5 2. Be2 g6 3. f4 Bg7 4. Nf3 Nc6 5. c3 d5 6. d3 dxe4 7. dxe4 Qxd1+ 8.
Bxd1 Nf6 9. e5 Nd5 10. O-O O-O 11. Na3 Bf5 12. Bc2 Bxc2 13. Nxc2 Rad8 14. g3 f6
15. exf6 exf6 16. Ne3 Rfe8 17. Nxd5 Rxd5 18. Re1 Rxe1+ 19. Nxe1 c4 20. Be3 f5
21. Nf3 b5 22. a3 Bf6 23. h4 a6 24. Re1 a5 25. Bb6 Kf7 26. Re2 Rd1+ 27. Kg2 b4
28. Nd2 bxa3 29. bxa3 Bxc3 30. Nxc4 a4 31. Rc2 Bd4 32. Nd6+ Ke6 33. Rxc6 Kd5 34.
Rc2 Bxb6 35. Nb5 Ba5 36. Nc3+ Bxc3 37. Rxc3 Rd2+ 38. Kh3 Ke4 39. Rc4+ Kf3 40.
Rxa4 Rg2 41. Rc4 Rxg3+ 42. Kh2 Kg4 43. Ra4 Kxh4 44. Ra7 Kg4 45. a4 Ra3 46. a5
Kxf4 47. a6 h5 48. Ra8 g5 49. a7 Ra2+ 50. Kg1 g4 51. Rh8 Rxa7 52. Rxh5 Kg3 53.
Kf1 f4 0-1

[Event "World Senior Teams +50"]
[Site "Radebeul GER"]
[Date "2016.06.30"]
[Round "5.20"]
[Board "1"]
[White "Becker, Marco"]
[Black "Mittermayr, Gerhard"]
[Result "0-1"]
[WhiteElo "1987"]
[BlackElo "2101"]
[WhiteTeam "SV Horst-Emscher"]
[BlackTeam "Oberoesterreich"]
[WhiteFideId "24601993"]
[BlackFideId "1602233"]
[EventDate "2016.06.26"]

1. e4 d5 2. exd5 Qxd5 3. d4 c6 4. Nf3 Bg4 5. Be2 Qa5+ 6. c3 Nd7 7. Nbd2 Ngf6 8.
Nc4 Qc7 9. Nce5 Bxf3 10. Nxf3 e6 11. O-O Bd6 12. a4 a5 13. Bd2 O-O 14. Re1 e5
15. dxe5 Nxe5 16. Nxe5 Bxe5 17. h3 Rad8 18. Qc2 Bh2+ 19. Kh1 Bf4 20. Bxf4 Qxf4
21. Bd3 Rfe8 22. Kg1 g6 23. Rxe8+ Rxe8 24. Bf1 Rd8 25. Rd1 Rxd1 26. Qxd1 Ne4 27.
Qd8+ Kg7 28. Qd4+ Kh6 29. g3 c5 30. gxf4 cxd4 31. cxd4 Kg7 32. Bd3 Nd2 33. Kg2
Kf6 34. f3 Nb3 35. d5 Nc5 36. Bc2 Ke7 37. Kg3 f5 38. Kh4 h6 39. Kg3 Kd6 40. h4
h5 41. Kf2 Kxd5 42. Bb1 Nxa4 43. Ba2+ Kd6 44. Bf7 Nxb2 45. Ke2 Ke7 46. Bxg6 Kf6
47. Bxh5 a4 48. Kd2 Nc4+ 49. Kc2 a3 50. Kb3 b5 51. Be8 b4 52. Bb5 Nd2+ 53. Ka2
Nxf3 54. h5 Kg7 55. Be8 Nd4 56. Bd7 Kf6 57. Bc8 Ne6 58. Ba6 Nxf4 59. Bc4 Ng2 60.
Bd3 f4 61. h6 Ne1 62. Bc4 f3 0-1

[Event "World Senior Teams +50"]
[Site "Radebeul GER"]
[Date "2016.06.30"]
[Round "5.20"]
[Board "2"]
[White "Schulz, Peter"]
[Black "Arndt, Olaf"]
[Result "1-0"]
[WhiteElo "2068"]
[BlackElo "2019"]
[WhiteTeam "Oberoesterreich"]
[BlackTeam "SV Horst-Emscher"]
[WhiteFideId "1614819"]
[BlackFideId "4655907"]
[EventDate "2016.06.26"]

1. e4 d5 2. exd5 Nf6 3. d4 Nxd5 4. Be2 Bf5 5. Nf3 e6 6. O-O Be7 7. Re1 O-O 8. c3
c5 9. Be3 Nxe3 10. fxe3 Qb6 11. Qb3 Qxb3 12. axb3 Nc6 13. Nbd2 a6 14. e4 Bg6 15.
d5 Nd8 16. Bc4 Re8 17. Bb5 Rf8 18. Bd7 Bh5 19. c4 Bxf3 20. Nxf3 Bd6 21. e5 Bb8
22. Ng5 exd5 23. cxd5 Bxe5 24. Rxe5 f6 25. Re7 fxg5 26. Rae1 g6 27. d6 b5 28.
Be6+ Nxe6 29. R1xe6 a5 30. d7 Rad8 31. Re5 a4 32. bxa4 bxa4 33. Rxc5 Rb8 34. h3
g4 35. hxg4 Rfd8 36. Rc4 Ra8 37. g5 Kh8 38. Rce4 1-0

[Event "World Senior Teams +50"]
[Site "Radebeul GER"]
[Date "2016.06.30"]
[Round "5.20"]
[Board "3"]
[White "Goeldenboog, Juergen"]
[Black "Doppelhammer, Herbert"]
[Result "0-1"]
[WhiteElo "1979"]
[BlackElo "2040"]
[WhiteTeam "SV Horst-Emscher"]
[BlackTeam "Oberoesterreich"]
[WhiteFideId "4634004"]
[BlackFideId "1608738"]
[EventDate "2016.06.26"]

1. d4 Nf6 2. c4 e5 3. dxe5 Ng4 4. Nf3 Bc5 5. e3 Nc6 6. Be2 O-O 7. O-O Re8 8. a3
a5 9. Nc3 Ngxe5 10. b3 Nxf3+ 11. Bxf3 Ne5 12. Bb2 Ra6 13. Ne4 Nxf3+ 14. Qxf3 Bf8
15. h4 Qxh4 16. Ng3 Rh6 17. Rfd1 d6 18. Rd4 Qg5 19. Rf4 Qe7 20. Rd1 b6 21. Rd5
Rh4 22. Rdf5 Rxf4 23. Rxf4 Be6 24. Nh5 f5 25. Qg3 Kh8 26. Qh3 Kg8 27. Rh4 f4 28.
Qh2 fxe3 29. fxe3 Bf5 30. e4 Bxe4 31. Bf6 Qe6 32. Qg3 Bg6 33. Bc3 Qe3+ 34. Kh2
Qxg3+ 35. Nxg3 Re3 36. Bd4 Rxb3 37. Rg4 Rxa3 38. Ne2 Rd3 39. Ba1 d5 40. Nf4 Bd6
41. cxd5 Rxd5 42. g3 Rd2+ 0-1

[Event "World Senior Teams +50"]
[Site "Radebeul GER"]
[Date "2016.06.30"]
[Round "5.20"]
[Board "4"]
[White "Obran, Harald"]
[Black "Kotter, Michael"]
[Result "1-0"]
[WhiteElo "2015"]
[BlackElo "2061"]
[WhiteTeam "Oberoesterreich"]
[BlackTeam "SV Horst-Emscher"]
[WhiteFideId "1605836"]
[BlackFideId "4672267"]
[EventDate "2016.06.26"]

1. d4 Nf6 2. c4 e6 3. Nc3 d5 4. Bg5 Be7 5. Nf3 O-O 6. e3 Nbd7 7. Bd3 h6 8. Bh4
dxc4 9. Bxc4 c5 10. O-O a6 11. a4 cxd4 12. Nxd4 Ne5 13. Ba2 Bd7 14. Qe2 Ng6 15.
Bg3 Bb4 16. Qf3 Bxc3 17. bxc3 e5 18. Qxb7 exd4 19. exd4 Bxa4 20. Rfe1 Qd7 21.
Qb4 Bc6 22. Qa3 Rfc8 23. Rac1 Rd8 24. Rcd1 Rac8 25. d5 Bb7 26. c4 Nh5 27. c5
Nxg3 28. hxg3 Ba8 29. c6 Qa7 30. Bc4 a5 31. Ra1 Bxc6 32. dxc6 Rxc6 33. Bd3 Rf6
34. Re3 Rfd6 35. Rae1 Nf8 36. Bc4 Rd4 37. Re7 R8d7 38. Bxf7+ Kh7 39. Rxd7 Rxd7
40. Be8 Ng6 41. Bxd7 Qxd7 42. Qxa5 Qd4 43. Qf5 1-0

[Event "World Senior Teams +50"]
[Site "Radebeul GER"]
[Date "2016.06.30"]
[Round "5.21"]
[Board "1"]
[White "Simon, Ralf-Axel"]
[Black "Weichelt, Jens"]
[Result "1-0"]
[WhiteTitle "FM"]
[WhiteElo "2113"]
[BlackElo "2073"]
[WhiteTeam "HannoBer"]
[BlackTeam "Schachklub Heidenau"]
[WhiteFideId "4603125"]
[BlackFideId "4637771"]
[EventDate "2016.06.26"]

1. Nf3 Nf6 2. c4 g6 3. Nc3 Bg7 4. e4 d6 5. d4 O-O 6. Be2 Nc6 7. O-O e5 8. d5 Ne7
9. Ne1 Nd7 10. Be3 f5 11. f3 Nf6 12. c5 Rf7 13. Rc1 b6 14. b4 f4 15. Bf2 g5 16.
Nd3 Bf8 17. cxd6 cxd6 18. a4 Rg7 19. Nb5 Ne8 20. Nxe5 dxe5 21. d6 Be6 22. dxe7
Qxe7 23. Bc4 Kh8 24. Qb3 Bxc4 25. Rxc4 g4 26. fxg4 Rxg4 27. Qh3 Rg7 28. Rfc1 Qd7
29. Qh5 Nd6 30. Rc7 Qg4 31. Qxg4 Rxg4 32. Nxa7 Nxe4 33. a5 f3 34. g3 bxa5 35. b5
Nxf2 36. Kxf2 e4 37. b6 Bg7 38. Rc8+ 1-0

[Event "World Senior Teams +50"]
[Site "Radebeul GER"]
[Date "2016.06.30"]
[Round "5.21"]
[Board "2"]
[White "Fahland, Matthias"]
[Black "Spiess, Thomas"]
[Result "1-0"]
[WhiteElo "2105"]
[BlackElo "1985"]
[WhiteTeam "Schachklub Heidenau"]
[BlackTeam "HannoBer"]
[WhiteFideId "4698380"]
[BlackFideId "4646959"]
[EventDate "2016.06.26"]

1. e4 c5 2. Nf3 e6 3. d4 cxd4 4. Nxd4 Nc6 5. Nc3 Qc7 6. Be3 a6 7. Be2 b5 8. a3
Bb7 9. O-O Rc8 10. Nxc6 Qxc6 11. Bf3 Ne7 12. Qd2 Ng6 13. e5 Qc7 14. Bxb7 Qxb7
15. f4 Nh4 16. Qe2 Be7 17. Rad1 Bxa3 18. Nxb5 axb5 19. bxa3 Qe4 20. Rd3 O-O 21.
Qf2 Ng6 22. Bc5 Rfe8 23. Rd2 Rc7 24. Bb4 Rec8 25. c3 Rc4 26. g3 R8c7 27. Qf3 Nf8
28. Qxe4 Rxe4 29. Kf2 f6 30. Kf3 Rec4 31. exf6 gxf6 32. Rfd1 d5 33. f5 Kf7 34.
fxe6+ Nxe6 35. Rxd5 Ng5+ 36. Kg2 Rb7 37. Rd7+ Rxd7 38. Rxd7+ Ke6 39. Rb7 h5 40.
Rxb5 h4 41. gxh4 Rg4+ 42. Kf2 Rxh4 43. Kg3 Rc4 44. Kg2 Ne4 45. Kf3 f5 46. Rb6+
Ke5 47. Rb5+ Ke6 48. Ra5 Rc8 49. Kf4 Nxc3 50. Ra6+ Kd5 51. Kxf5 Nb5 52. Ra5 Kc4
53. h4 Rh8 54. Be7 Nd4+ 55. Kg4 Rg8+ 56. Rg5 Rxg5+ 57. Bxg5 Nc6 58. Kf5 Kd5 59.
Kf6 Ne5 60. a4 1-0

[Event "World Senior Teams +50"]
[Site "Radebeul GER"]
[Date "2016.06.30"]
[Round "5.21"]
[Board "3"]
[White "Hoffmann, Michael4"]
[Black "Roser, Ludwig"]
[Result "0-1"]
[WhiteElo "1931"]
[BlackElo "1799"]
[WhiteTeam "HannoBer"]
[BlackTeam "Schachklub Heidenau"]
[WhiteFideId "4694376"]
[BlackFideId "12928119"]
[EventDate "2016.06.26"]

1. d4 d6 2. Nf3 Nf6 3. e3 Nbd7 4. c4 e5 5. Nc3 Be7 6. Bd3 O-O 7. O-O c6 8. b3
Re8 9. Bb2 Bf8 10. Qc2 Qa5 11. a3 exd4 12. exd4 Nb6 13. d5 Nbd7 14. b4 Qd8 15.
Rfe1 cxd5 16. Nxd5 Rxe1+ 17. Rxe1 h6 18. Qe2 Nxd5 19. cxd5 Nf6 20. h3 Bd7 21.
Nh4 g6 22. Qf3 Nh7 23. Qf4 Bg7 24. Bxg7 Kxg7 25. Qxd6 Ba4 26. Qe7 Qxd5 27. Be4
Qc4 28. Qxb7 Re8 29. Re3 Ng5 30. Bxg6 Rxe3 31. fxe3 Qxh4 0-1

[Event "World Senior Teams +50"]
[Site "Radebeul GER"]
[Date "2016.06.30"]
[Round "5.21"]
[Board "4"]
[White "Weichelt, Stefan"]
[Black "Dellos, Peter"]
[Result "1/2-1/2"]
[WhiteElo "1980"]
[BlackElo "1890"]
[WhiteTeam "Schachklub Heidenau"]
[BlackTeam "HannoBer"]
[WhiteFideId "12975397"]
[BlackFideId "16203291"]
[EventDate "2016.06.26"]

1. e4 e5 2. Nf3 Nc6 3. Bb5 a6 4. Ba4 Nf6 5. O-O b5 6. Bb3 Be7 7. c3 O-O 8. Qe2
d6 9. h3 Be6 10. Bxe6 fxe6 11. d3 h6 12. Be3 Qe8 13. Nh2 Nh5 14. g3 Nf6 15. Na3 1/2-1/2

[Event "World Senior Teams +50"]
[Site "Radebeul GER"]
[Date "2016.06.30"]
[Round "5.22"]
[Board "1"]
[White "Frick, Renato"]
[Black "Grabitz, Georg"]
[Result "1-0"]
[WhiteElo "2014"]
[BlackElo "2031"]
[WhiteTeam "Liechtenstein"]
[BlackTeam "Stoertebeker"]
[WhiteFideId "12000027"]
[BlackFideId "4694619"]
[EventDate "2016.06.26"]

1. e4 g6 2. d4 Bg7 3. Nc3 d6 4. Nf3 a6 5. a4 b6 6. Bd3 e6 7. O-O Ne7 8. Bg5 h6
9. Be3 O-O 10. Qd2 Kh7 11. Rad1 Bb7 12. Ne1 Nd7 13. Ne2 f5 14. Nf4 Rf6 15. Bc4
Nf8 16. e5 dxe5 17. dxe5 Qxd2 18. Rxd2 Rf7 19. Nxe6 Nxe6 20. Bxe6 Rff8 21. Rd7
Rae8 22. Rxc7 Bd5 23. Bd7 Bxe5 24. Ra7 Bb8 25. Rxa6 Rd8 26. Bb5 Nc8 27. Nd3 Bb7
28. Rxb6 Nxb6 29. Bxb6 Rc8 30. c3 Rf6 31. Bd4 Rf7 32. Re1 Be4 33. Ne5 Bxe5 34.
Bxe5 Bc6 35. Bxc6 Rxc6 36. Bd4 Ra6 37. Ra1 Re7 38. h4 Re2 39. b4 Rb2 40. Re1 Kg8
41. a5 Kh7 42. Bb6 Ra8 43. h5 gxh5 44. Re5 Kg6 45. Re6+ Kg7 46. Bd4+ Kh7 47. a6 1-0

[Event "World Senior Teams +50"]
[Site "Radebeul GER"]
[Date "2016.06.30"]
[Round "5.22"]
[Board "2"]
[White "Gerhardt, Peter-Michael"]
[Black "Kock, Hans-Uwe"]
[Result "1/2-1/2"]
[BlackTitle "FM"]
[WhiteElo "2026"]
[BlackElo "2004"]
[WhiteTeam "Stoertebeker"]
[BlackTeam "Liechtenstein"]
[WhiteFideId "4638379"]
[BlackFideId "4611020"]
[EventDate "2016.06.26"]

1. d4 Nf6 2. c4 g6 3. Nc3 Bg7 4. e4 d6 5. f3 O-O 6. Be3 e5 7. d5 a5 8. Bd3 Na6
9. Nge2 Nc5 10. O-O Ne8 11. Bc2 f5 12. exf5 gxf5 13. Qd2 f4 14. Bf2 Nf6 15. a3
Ncd7 16. Bf5 Nc5 17. Bxc8 Qxc8 18. Bxc5 1/2-1/2

[Event "World Senior Teams +50"]
[Site "Radebeul GER"]
[Date "2016.06.30"]
[Round "5.22"]
[Board "3"]
[White "Iclicki, Willy"]
[Black "Kuehn, Peter2"]
[Result "1/2-1/2"]
[WhiteElo "1970"]
[BlackElo "1961"]
[WhiteTeam "Liechtenstein"]
[BlackTeam "Stoertebeker"]
[WhiteFideId "200450"]
[BlackFideId "4661486"]
[EventDate "2016.06.26"]

1. d4 f5 2. Nf3 Nf6 3. g3 g6 4. Bg2 Bg7 5. O-O d6 6. c4 O-O 7. b3 c6 8. Bb2 Ne4
9. Nc3 Nxc3 10. Bxc3 Nd7 11. Qc2 Nf6 12. Rfd1 Ne4 13. Bb2 Qc7 1/2-1/2

[Event "World Senior Teams +50"]
[Site "Radebeul GER"]
[Date "2016.06.30"]
[Round "5.22"]
[Board "4"]
[White "Buck, Klaus-Michael"]
[Black "Guller, Andras"]
[Result "0-1"]
[BlackTitle "CM"]
[WhiteElo "1680"]
[BlackElo "2013"]
[WhiteTeam "Stoertebeker"]
[BlackTeam "Liechtenstein"]
[WhiteFideId "24632910"]
[BlackFideId "12000078"]
[EventDate "2016.06.26"]

1. Nf3 d5 2. b3 Nf6 3. Bb2 e6 4. e3 Bd6 5. Nc3 c6 6. Qc1 O-O 7. a4 Nbd7 8. Ba3
Bxa3 9. Qxa3 Re8 10. Be2 e5 11. d4 exd4 12. Nxd4 Ne5 13. Bd3 Nxd3+ 14. cxd3 Ng4
15. Qb2 Qf6 16. O-O Ne5 17. Qc2 Qg6 18. Nce2 Qxd3 19. Qxd3 Nxd3 20. Rfd1 Nb4 21.
Rac1 Bg4 22. f3 Bh5 23. Kf2 Bg6 24. Nf4 Re7 25. Nxg6 hxg6 26. Nc2 Nxc2 27. Rxc2
Rae8 28. Re2 f5 29. Rd4 g5 30. g3 Kf7 31. h3 g6 32. b4 Kf6 33. a5 Rh8 34. h4
gxh4 35. gxh4 Reh7 36. Kg3 Rh5 37. Rh2 g5 38. f4 gxh4+ 39. Kf3 Re8 40. Rd3 a6
41. Rh3 Re4 42. Rb3 Rh7 43. Rh1 h3 44. Rh2 d4 45. Rd3 Rxe3+ 46. Rxe3 dxe3 47.
Kxe3 Ke6 48. Kd4 Kd6 49. Kc4 Rh4 50. Rd2+ Kc7 0-1

[Event "World Senior Teams +50"]
[Site "Radebeul GER"]
[Date "2016.06.30"]
[Round "5.23"]
[Board "1"]
[White "Gempe, Anet"]
[Black "Mortensen, John"]
[Result "1/2-1/2"]
[WhiteTitle "WFM"]
[WhiteElo "2001"]
[BlackElo "2077"]
[WhiteTeam "Germany 2 Women"]
[BlackTeam "SK 1968"]
[WhiteFideId "4618114"]
[BlackFideId "1409190"]
[EventDate "2016.06.26"]

1. e4 c5 2. Nf3 Nc6 3. d4 cxd4 4. Nxd4 g6 5. Nc3 Bg7 6. Be3 Nf6 7. Nb3 O-O 8.
Be2 a5 9. a4 Nb4 10. Qd2 d6 11. f3 Be6 12. Nd4 Bd7 13. Ncb5 d5 14. c3 Nc6 15.
exd5 Nxd5 16. Bf2 e5 17. Nb3 Be6 18. Nc5 Nf4 19. Qxd8 Raxd8 20. Nxe6 Nxe6 21. g3
Bh6 22. Rd1 Rxd1+ 23. Bxd1 Rd8 24. O-O Rd2 25. b3 Ng5 26. Bb6 Nh3+ 27. Kh1 e4
28. Na3 f5 29. Nc4 1/2-1/2

[Event "World Senior Teams +50"]
[Site "Radebeul GER"]
[Date "2016.06.30"]
[Round "5.23"]
[Board "2"]
[White "Cordes, Steffen"]
[Black "Beltz, Martina"]
[Result "1/2-1/2"]
[BlackTitle "WIM"]
[WhiteElo "1926"]
[BlackElo "2053"]
[WhiteTeam "SK 1968"]
[BlackTeam "Germany 2 Women"]
[WhiteFideId "1404644"]
[BlackFideId "4612485"]
[EventDate "2016.06.26"]

1. e4 c5 2. Nc3 e6 3. Nf3 d6 4. d4 cxd4 5. Nxd4 Nf6 6. Bc4 a6 7. Bb3 Be7 8. Be3
Nc6 9. Qe2 Nxd4 10. Bxd4 b5 11. O-O-O b4 12. Na4 O-O 13. Nb6 Rb8 14. Nxc8 Rxc8
15. Rhe1 Qa5 16. f3 Rc6 17. g4 Rfc8 18. Kb1 Nd7 19. f4 Nc5 20. Bxc5 Qxc5 21. g5
a5 22. h4 Ra8 23. Ba4 Rc7 24. Qd2 Rac8 25. Qd4 1/2-1/2

[Event "World Senior Teams +50"]
[Site "Radebeul GER"]
[Date "2016.06.30"]
[Round "5.23"]
[Board "3"]
[White "Kierzek, Mira"]
[Black "Boye, Niels Mollmann"]
[Result "0-1"]
[WhiteTitle "WFM"]
[WhiteElo "2003"]
[BlackElo "1862"]
[WhiteTeam "Germany 2 Women"]
[BlackTeam "SK 1968"]
[WhiteFideId "15002110"]
[BlackFideId "1413147"]
[EventDate "2016.06.26"]

1. d4 Nf6 2. Nf3 d5 3. Bf4 e6 4. e3 Bd6 5. Bg5 O-O 6. Bd3 h6 7. Bh4 c5 8. c3 Nc6
9. O-O e5 10. dxe5 Nxe5 11. Nxe5 Bxe5 12. Nd2 Qd6 13. f4 Ng4 14. Qf3 Bf6 15. Bg3
c4 16. h3 Nxe3 17. Qxe3 cxd3 18. Qxd3 Qb6+ 19. Bf2 Qxb2 20. Bd4 Bxd4+ 21. cxd4
Qb4 22. f5 b6 23. Rf2 Bd7 24. f6 g6 25. Qe3 Kh7 26. Nf3 Rac8 27. Qf4 Bf5 28. Qh4
Rh8 29. g4 Be4 30. Ng5+ Kg8 31. Nxe4 dxe4 32. Rd1 Rd8 33. Qg3 Rxd4 34. Rxd4 Qxd4
35. Qb8+ Kh7 36. Qxa7 Rf8 37. Qe7 Kg8 38. Kg2 Qd3 39. Rb2 Rd8 40. Rb3 Qd2+ 41.
Kg3 Qd6+ 42. Kf2 Qf4+ 43. Ke1 Qc1+ 44. Kf2 Rd2+ 45. Kg3 Qe1+ 46. Kf4 Qf2+ 47.
Ke5 Qd4+ 48. Kf4 g5+ 0-1

[Event "World Senior Teams +50"]
[Site "Radebeul GER"]
[Date "2016.06.30"]
[Round "5.23"]
[Board "4"]
[White "David, Anton"]
[Black "v.d. Weth-v. Nordheim, Petra"]
[Result "0-1"]
[WhiteElo "1772"]
[BlackElo "1987"]
[WhiteTeam "SK 1968"]
[BlackTeam "Germany 2 Women"]
[WhiteFideId "1402072"]
[BlackFideId "24677264"]
[EventDate "2016.06.26"]

1. d4 d5 2. c4 e6 3. Nc3 c6 4. e3 Bd6 5. Nf3 Nd7 6. Qc2 Ne7 7. cxd5 exd5 8. Bd3
h6 9. O-O O-O 10. e4 dxe4 11. Nxe4 Bc7 12. a3 Nd5 13. b4 N7f6 14. Nxf6+ Qxf6 15.
Bb2 Be6 16. Rfe1 Bb6 17. Ne5 Rfd8 18. Rad1 a5 19. b5 cxb5 20. Bxb5 Rac8 21. Qd3
Nf4 22. Qb1 Qg5 23. Bf1 Nh3+ 24. Kh1 Nxf2+ 25. Kg1 Nxd1 26. Qxd1 Bd5 27. Kh1 Re8
28. Bc1 Qh4 29. Bb5 Qf2 30. Rg1 Rc2 31. Qg4 Rxe5 32. Bxh6 Qxg2+ 33. Qxg2 Rxg2 0-1

[Event "World Senior Teams +50"]
[Site "Radebeul GER"]
[Date "2016.06.30"]
[Round "5.24"]
[Board "1"]
[White "Schiller, Dirk"]
[Black "Bayarmaa, Gendenjamc"]
[Result "1/2-1/2"]
[WhiteElo "1776"]
[BlackElo "1929"]
[WhiteTeam "SK Kaltenkirchen"]
[BlackTeam "Mongolia Women"]
[WhiteFideId "1270380"]
[BlackFideId "4900189"]
[EventDate "2016.06.26"]

1. e4 e5 2. Nf3 Nc6 3. Bc4 Bc5 4. d3 h6 5. Be3 Bb6 6. Nc3 d6 7. a3 Bg4 8. h3 Bh5
9. Nd5 Nge7 10. Nxb6 axb6 11. c3 O-O 12. O-O Kh8 13. g4 Bg6 14. Nh4 Ng8 15. Nf5
Bxf5 16. exf5 g5 17. d4 f6 18. Kg2 d5 19. Be2 Rf7 20. Rh1 Kg7 21. h4 Kf8 22.
hxg5 fxg5 23. dxe5 Nxe5 24. f4 Nc4 25. Bxc4 dxc4 26. Qxd8+ Rxd8 27. fxg5 hxg5
28. Bxg5 Rd3 29. Bf4 Re7 30. Raf1 Nf6 31. g5 Nd5 32. Rh8+ Kg7 33. Rh4 Re4 34.
Rf3 Ne3+ 35. Bxe3 Rxh4 36. Kg3 Re4 37. Bf4 c6 38. Kf2 b5 39. f6+ Kf7 40. Be3 Rg4
41. Rf5 Re4 42. Rf3 Rg4 43. Rf5 Re4 1/2-1/2

[Event "World Senior Teams +50"]
[Site "Radebeul GER"]
[Date "2016.06.30"]
[Round "5.24"]
[Board "4"]
[White "Serjmyadag, Damdin"]
[Black "Holzberg, Gerhard"]
[Result "1-0"]
[WhiteElo "1949"]
[BlackElo "1952"]
[WhiteTeam "Mongolia Women"]
[BlackTeam "SK Kaltenkirchen"]
[WhiteFideId "4900510"]
[BlackFideId "24680818"]
[EventDate "2016.06.26"]

1. e4 c5 2. Nf3 d6 3. d4 cxd4 4. Nxd4 g6 5. Be3 Bg7 6. Nc3 Nf6 7. f3 Nc6 8. Qd2
Bd7 9. h4 h5 10. Bc4 Na5 11. Bb3 Nxb3 12. Nxb3 a5 13. a4 O-O 14. O-O Kh7 15. Qf2
Ra6 16. Nb5 Ne8 17. c3 f5 18. exf5 Bxf5 19. Qd2 e6 20. g3 d5 21. Rad1 Nd6 22.
Nxd6 Qxd6 23. Kg2 Qc7 24. Nd4 Raa8 25. Nb5 Qd8 26. Bg5 Bf6 27. Bxf6 Qxf6 28.
Rde1 Rad8 29. Qe3 Qg7 30. Nd4 Qd7 31. Nxf5 exf5 32. Qd4 Rfe8 33. Rd1 Qc6 34. b3
b5 35. Qa7+ Rd7 36. Qxa5 Re2+ 37. Rf2 Rxf2+ 38. Kxf2 Re7 39. Qxb5 Qxc3 40. Qxd5
Qe3+ 41. Kg2 Qe2+ 42. Kh3 Re3 43. Qf7+ Kh6 44. Qf8+ 1-0

[Event "World Senior Teams +50"]
[Site "Radebeul GER"]
[Date "2016.06.30"]
[Round "5.25"]
[Board "1"]
[White "Goepfert, Jochen"]
[Black "Rorvik, Jon F."]
[Result "1/2-1/2"]
[WhiteElo "1987"]
[BlackElo "2145"]
[WhiteTeam "Blue Wonder"]
[BlackTeam "Norway Mix"]
[WhiteFideId "12972878"]
[BlackFideId "1501852"]
[EventDate "2016.06.26"]

1. f4 d5 2. Nf3 Nf6 3. e3 g6 4. b3 Bg7 5. Bb2 O-O 6. Bd3 c5 7. O-O Nc6 8. Nc3 b6
9. Ne2 e6 10. Ng3 Bb7 11. Ne5 Nxe5 12. Bxe5 Qd7 13. a4 Rad8 14. Be2 Ne8 15. Bxg7
Nxg7 16. Bf3 Qc7 17. Qe2 Nf5 18. Nxf5 exf5 19. c3 Rfe8 20. Rac1 Qe7 21. Rfe1 Rc8
22. Qf2 1/2-1/2

[Event "World Senior Teams +50"]
[Site "Radebeul GER"]
[Date "2016.06.30"]
[Round "5.25"]
[Board "2"]
[White "Ilyes, Peter"]
[Black "Nauber, Walter"]
[Result "1-0"]
[WhiteElo "1810"]
[BlackElo "1941"]
[WhiteTeam "Norway Mix"]
[BlackTeam "Blue Wonder"]
[WhiteFideId "1524305"]
[BlackFideId "16212045"]
[EventDate "2016.06.26"]

1. e4 c5 2. Nf3 e6 3. d4 cxd4 4. Nxd4 a6 5. Nc3 Qc7 6. Bd3 Nf6 7. Qe2 d6 8. g4
Qb6 9. Nb3 Nc6 10. g5 Nd7 11. f4 Nb4 12. Be3 Qc7 13. O-O-O b5 14. Kb1 Bb7 15.
Rhf1 Nxd3 16. Qxd3 b4 17. Ne2 a5 18. f5 e5 19. c4 bxc3 20. Nxc3 a4 21. Nd5 Qd8
22. Nd2 Ba6 23. Qc2 Rc8 24. Qxa4 Bd3+ 25. Ka1 Bxf1 26. Rxf1 Be7 27. f6 Bf8 28.
Bb6 Rc1+ 29. Rxc1 1-0

[Event "World Senior Teams +50"]
[Site "Radebeul GER"]
[Date "2016.06.30"]
[Round "5.25"]
[Board "3"]
[White "Keeve, Martin"]
[Black "Bjorgvik, Jan Arne"]
[Result "1/2-1/2"]
[WhiteElo "1893"]
[BlackElo "1803"]
[WhiteTeam "Blue Wonder"]
[BlackTeam "Norway Mix"]
[WhiteFideId "12903205"]
[BlackFideId "1503766"]
[EventDate "2016.06.26"]

1. d4 d5 2. c4 e6 3. Nc3 Nf6 4. Nf3 c6 5. Bg5 Be7 6. Rc1 dxc4 7. a4 h6 8. Bh4 a6
9. e3 b5 10. Be2 Nd5 11. Bg3 Bb4 12. O-O Nb6 13. axb5 Bxc3 14. bxc3 cxb5 15. Ne5
Bb7 16. Qc2 O-O 17. Rb1 Qe7 18. e4 Nc6 19. Ng4 f5 20. exf5 exf5 21. Ne5 Nxe5 22.
Bxe5 Nd5 23. Rb2 Bc6 24. Rd1 a5 25. Qc1 Qa3 26. Bf3 b4 27. cxb4 c3 28. Rb1 Qxc1
29. Rdxc1 axb4 30. Bxd5+ Bxd5 31. Rxb4 Rfc8 32. f3 c2 33. Rb2 Ra2 34. Rb5 Bc4
35. Rb4 Bf7 36. Kf2 Rca8 37. Ke2 Rc8 38. Kd2 g5 39. Rb6 Kh7 40. Rb7 Kg6 41. Bd6
f4 42. Bc5 Re8 43. Rb6+ Kh7 44. Rb7 Kg6 1/2-1/2

[Event "World Senior Teams +50"]
[Site "Radebeul GER"]
[Date "2016.06.30"]
[Round "5.25"]
[Board "4"]
[White "Lie, Terje"]
[Black "Reinhardt, Joachim"]
[Result "0-1"]
[WhiteElo "1589"]
[BlackElo "1876"]
[WhiteTeam "Norway Mix"]
[BlackTeam "Blue Wonder"]
[WhiteFideId "1504916"]
[BlackFideId "12925659"]
[EventDate "2016.06.26"]

1. d4 d6 2. c4 Nf6 3. Nc3 Nbd7 4. Nf3 g6 5. Bg5 Bg7 6. Qd2 O-O 7. Bh6 c6 8. Bxg7
Kxg7 9. e4 e5 10. Bd3 Re8 11. d5 a5 12. O-O Nc5 13. Bc2 Nh5 14. Rfe1 Bg4 15. Bd1
h6 16. Qe3 Qf6 17. Nd2 Bxd1 18. Raxd1 Nf4 19. Nf1 Rad8 20. Ne2 cxd5 21. cxd5 Qg5
22. Nxf4 exf4 23. Qc3+ Re5 24. f3 Ra8 25. a3 a4 26. Rd4 Rae8 27. Rb4 Kh7 28. Rb6
Qe7 29. Rd1 f5 30. exf5 Rxf5 31. Rb4 Qe2 32. Qd2 Qe5 33. Qc3 Qe7 34. Rbd4 h5 35.
Nd2 Qe2 36. Nc4 Rg5 37. g4 fxg3 38. Qd2 gxh2+ 39. Kh1 Qxf3+ 40. Kxh2 Re2+ 41.
Qxe2 Qxe2+ 42. Kh3 Qg2+ 0-1